| 000 | 00789nam a22002177a 4500 | ||
|---|---|---|---|
| 003 | OSt | ||
| 005 | 20251204111006.0 | ||
| 008 | 251204b |||||||| |||| 00| 0 eng d | ||
| 020 | _a0-87120-717-6 | ||
| 040 |
_aDWC-Main lib _cOC |
||
| 082 | _aCirc. 371.2 M393 2003 | ||
| 100 | _aManzano, R. | ||
| 245 |
_aWhat works in schools : _btranslating research into action _cManzano, Robert J. |
||
| 260 |
_aAlexandria, Virginia, USA : _bAssociation For Supervision And Curriculum Development, _cc2003 |
||
| 300 |
_a219 pages ; _c 25 cm. |
||
| 504 | _aIncludes bibliography references and index | ||
| 650 | _2Academic achievements | ||
| 650 | _2School improvement programs | ||
| 650 | _2Teaching | ||
| 942 |
_2ddc _cBK-CIRC _hCirc. 371.2 M393 2003 _kCirc. _n0 |
||
| 999 |
_c6818 _d6818 |
||